000 00751nam a2200253Ia 4500
001 9719
003 GE_BSU
008 181216s||||||||xx |||||||||||||| ||und||
040 _cGE_BSU
080 _a82-93
100 _aახვლედიანი,ვახტანგ
245 _aბიჭუნა და გედი
245 _bმოთხრობები
245 _cრედ:ნ.ჯიჯავაძე;მხატვ:.გ.გუჯაბიძე
260 _aბათუმი.
260 _bაჭარა
260 _c1994
300 _a168გვ;20სმ
300 _bილ
541 _h4ლ.
653 _aბიჭუნა და გედი
653 _aმოთხრობები
942 _cBK
999 _c43002
_d43002